| 000 | 00525nam a2200193Ia 4500 | ||
|---|---|---|---|
| 001 | 65146 | ||
| 008 | 220211n2021 ii |||gr||||Z||||||asm | ||
| 041 | _aasm | ||
| 082 | _a891.4511 | ||
| 100 | _aSaikiya. | ||
| 245 | 0 |
_^" _aMasnavi ""The Quran in Persian"" _cBy Safiur Rahman Saikiya (Translator) _hTextual Documents" |
|
| 250 | _aFirst. | ||
| 260 |
_aGuwahati _bAANK-BAAK _c2021 |
||
| 300 |
_a639pg: _c23cm. |
||
| 653 |
_^" _aMasnavi ""The Quran in Persian""" |
||
| 653 | _asufi | ||
| 653 | _aG-Assamese | ||
| 942 |
_2ddc _cBK |
||
| 999 |
_c66246 _d66246 |
||